000 00355nam a22001457a 4500
008 180813b xxu||||| |||| 00| 0 eng d
020 _a0023622202
041 _aeng
080 _a616.120 KEI
082 _a616.120 KEI
100 _a7
101 _aKAR
245 _aHeart disease in infancy and childhood
_cKeith, Rowe, Vlad
942 _2udc
_cBK
999 _c47014
_d47014